Riešenie zložitých optimalizačných úloh pomocou evolučných algoritmov

Guardado en:
Detalles Bibliográficos
Autor principal: Kollárčik, Michal (Autor)
Otros Autores: Sekaj, Ivan, 1960- (Orientador)
Formato: Manuscrito Libro
Lenguaje:eslovaco
Publicado: Bratislava : STU v Bratislave FEI, 2006
Materias:
Etiquetas: Agregar Etiqueta
Sin Etiquetas, Sea el primero en etiquetar este registro!

MARC

LEADER 00000ntm a22000003a 4500
001 stu137818
005 20160719165026.7
008 070212s2006------------------------slo-d
040 |a STU  |b slo 
041 0 |a slo 
100 1 |a Kollárčik, Michal  |4 aut 
245 1 |a Riešenie zložitých optimalizačných úloh pomocou evolučných algoritmov 
260 |a Bratislava :  |b STU v Bratislave FEI,  |c 2006 
300 |a 59 s 
650 7 |a automatizácia  |2 stusub 
650 7 |a evolučné algoritmy  |2 stusub 
700 1 |a Sekaj, Ivan,  |d 1960-  |4 ths  |u E010  |T FEI Ústav riadenia a priemyselnej informatiky  |X 4946  |U E010  |Y E010  |7 A000004946